[Event "Madrid ch Veteranos  2019-2020"]
[Site "Maddrid ESP"]
[Date "2020.01.16"]
[Round "4.34"]
[White "Navarro Corredor, Angel"]
[Black "Martinez Miura, Enrique"]
[Result "0-1"]
[WhiteElo "1346"]
[BlackElo "1561"]
[PlyCount "46"]
[EventDate "2020.01.13"]
[EventType "swiss"]
[EventRounds "9"]
[EventCountry "ESP"]
[SourceTitle "Ajedrez en Madrid"]
[Source "lmi"]
[SourceDate "2020.01.13"]
[SourceVersion "1"]
[SourceVersionDate "2020.01.27"]
[SourceQuality "1"]

1. e4 e6 2. Nf3 d5 3. exd5 exd5 4. d4 Nf6 5. Be2 Be7 6. O-O O-O 7. Nc3 h6 8.
Bf4 c6 9. Ne1 Bf5 10. Nf3 Nbd7 11. Bd3 Bxd3 12. Qxd3 Re8 13. Rfe1 Nf8 14. Re2
Ne6 15. Bd2 Qc7 16. Ne5 c5 17. dxc5 Bxc5 18. Nxd5 Nxd5 19. Qxd5 Rad8 20. Qf3
Nd4 21. Qxf7+ Qxf7 22. Nxf7 Nxe2+ 23. Kf1 Kxf7 0-1

[Event "Madrid ch Veteranos  2019-2020"]
[Site "Maddrid ESP"]
[Date "2020.01.16"]
[Round "4.35"]
[White "Martinez Carrasco, Jesus"]
[Black "Ramos Antona, Enrique"]
[Result "1-0"]
[WhiteElo "1566"]
[BlackElo "1493"]
[PlyCount "126"]
[EventDate "2020.01.13"]
[EventType "swiss"]
[EventRounds "9"]
[EventCountry "ESP"]
[SourceTitle "Ajedrez en Madrid"]
[Source "lmi"]
[SourceDate "2020.01.13"]
[SourceVersion "1"]
[SourceVersionDate "2020.01.27"]
[SourceQuality "1"]

1. d4 d6 2. c4 Nf6 3. Nc3 g6 4. e4 Bg7 5. Nf3 O-O 6. Be2 Nbd7 7. O-O Re8 8. Be3
Ng4 9. Bf4 e5 10. Bg3 exd4 11. Nxd4 Nge5 12. f4 Nc6 13. Nxc6 bxc6 14. Qd2 Nf6
15. Bf3 Bg4 16. Bh4 Bxf3 17. Rxf3 Qc8 18. Re1 Nd7 19. Rfe3 f6 20. Bg3 Qa6 21.
b3 Qa5 22. Qc2 Kf7 23. Kh1 Re7 24. Ne2 c5 25. Ng1 Rae8 26. Nf3 Qb6 27. Qd3 Qc6
28. Qe2 h6 29. Qd3 Nf8 30. e5 f5 31. Qd5+ Qxd5 32. cxd5 Nh7 33. Bh4 g5 34. e6+
Kf6 35. fxg5+ hxg5 36. Bf2 Kg6 37. h3 Nf6 38. Rd3 Ne4 39. Bg1 Rh8 40. Nd2 Bc3
41. Be3 Bxd2 42. Rxd2 Nxd2 43. Bxd2 Rh4 44. Ba5 Re4 45. Rd1 f4 46. Kg1 Kf5 47.
Rd2 Re3 48. Kf2 Ke4 49. Rd1 Rd3 50. Rxd3 Kxd3 51. Kf3 Kd4 52. Kg4 Kxd5 53. Kxg5
Kxe6 54. Kxf4 Kd7 55. g4 d5 56. h4 Ke8 57. g5 Re4+ 58. Kg3 d4 59. Bxc7 d3 60.
Ba5 Rb4 61. Bxb4 cxb4 62. Kf3 Kf7 63. Ke3 Kg6 1-0

[Event "Madrid ch Veteranos  2019-2020"]
[Site "Maddrid ESP"]
[Date "2020.01.17"]
[Round "5.1"]
[White "Garcia Martin, Esteban"]
[Black "Campos Calvo-Sotelo, Javier"]
[Result "0-1"]
[WhiteElo "1856"]
[BlackElo "1908"]
[PlyCount "66"]
[EventDate "2020.01.13"]
[EventType "swiss"]
[EventRounds "9"]
[EventCountry "ESP"]
[SourceTitle "Ajedrez en Madrid"]
[Source "lmi"]
[SourceDate "2020.01.13"]
[SourceVersion "1"]
[SourceVersionDate "2020.01.27"]
[SourceQuality "1"]

1. c4 e5 2. Nc3 Nc6 3. e4 g6 4. g3 Bg7 5. Bg2 d6 6. Nge2 Nge7 7. O-O O-O 8. h3
Be6 9. d3 Qd7 10. Kh2 Nd4 11. Nxd4 exd4 12. Nd5 Bxd5 13. cxd5 c6 14. dxc6 bxc6
15. f4 f5 16. Rb1 Rab8 17. b4 Kh8 18. Bd2 fxe4 19. dxe4 c5 20. Qc2 Rbc8 21.
bxc5 Rxc5 22. Qb3 Rfc8 23. Rfc1 h6 24. h4 Qc7 25. Bh3 Rf8 26. Qb7 Rxc1 27. Bxc1
Qc2+ 28. Bg2 Rc8 29. Qb4 d3 30. Bd2 Nc6 31. Qb7 Rb8 32. Qxb8+ Nxb8 33. Rxb8+
Kh7 0-1

[Event "Madrid ch Veteranos  2019-2020"]
[Site "Maddrid ESP"]
[Date "2020.01.17"]
[Round "5.2"]
[White "Elissalt Cardenas, Hector"]
[Black "Garcia Herranz, Jesus"]
[Result "1-0"]
[WhiteElo "2270"]
[BlackElo "1853"]
[PlyCount "103"]
[EventDate "2020.01.13"]
[EventType "swiss"]
[EventRounds "9"]
[EventCountry "ESP"]
[SourceTitle "Ajedrez en Madrid"]
[Source "lmi"]
[SourceDate "2020.01.13"]
[SourceVersion "1"]
[SourceVersionDate "2020.01.27"]
[SourceQuality "1"]

1. c4 e5 2. Nc3 Nc6 3. g3 g6 4. Bg2 Bg7 5. d3 Nge7 6. h4 h5 7. Bg5 O-O 8. Nd5
f6 9. Bd2 d6 10. Nf3 Be6 11. Qb3 Rb8 12. e4 a6 13. Qc2 b5 14. O-O b4 15. Be3
Kh7 16. d4 Bg4 17. dxe5 Nxe5 18. Nh2 Be6 19. f4 Ng4 20. Nxg4 Bxg4 21. Ba7 Rb7
22. Bf2 Nxd5 23. cxd5 f5 24. Rfe1 fxe4 25. Bxe4 Bf5 26. Qc6 Rb8 27. Bxf5 Rxf5
28. Re2 Rf7 29. Qxa6 Qd7 30. Qd3 Re7 31. Rxe7 Qxe7 32. Re1 Qf7 33. Re6 Bxb2 34.
Qe4 Bf6 35. f5 b3 36. fxg6+ Qxg6 37. Qxg6+ Kxg6 38. Bd4 Rf8 39. axb3 Kf5 40.
Bxf6 Rxf6 41. Re7 Rg6 42. Kf2 Rg4 43. Rf7+ Ke5 44. Rxc7 Kxd5 45. Rh7 Rb4 46.
Rxh5+ Ke4 47. Rh6 d5 48. Re6+ Kf5 49. Re3 d4 50. Rf3+ Ke4 51. h5 d3 52. Rf4+
1-0

[Event "Madrid ch Veteranos  2019-2020"]
[Site "Maddrid ESP"]
[Date "2020.01.17"]
[Round "5.3"]
[White "Gonzalez Rivera, Eduardo"]
[Black "Lopez de Turiso, Jose Angel"]
[Result "1/2-1/2"]
[WhiteElo "2024"]
[BlackElo "1893"]
[PlyCount "44"]
[EventDate "2020.01.13"]
[EventType "swiss"]
[EventRounds "9"]
[EventCountry "ESP"]
[SourceTitle "Ajedrez en Madrid"]
[Source "lmi"]
[SourceDate "2020.01.13"]
[SourceVersion "1"]
[SourceVersionDate "2020.01.27"]
[SourceQuality "1"]

1. e4 c6 2. d4 d5 3. Nc3 dxe4 4. Nxe4 Nd7 5. Bc4 Ngf6 6. Ng5 e6 7. Qe2 Nb6 8.
Bd3 h6 9. N5f3 c5 10. dxc5 Nbd7 11. Ne5 Nxc5 12. Bb5+ Bd7 13. Bd2 a6 14. Bxd7+
Ncxd7 15. Ngf3 Be7 16. O-O O-O 17. Rfd1 Qc7 18. c4 Nxe5 19. Nxe5 Rad8 20. Bc3
Rxd1+ 21. Rxd1 Rd8 22. Rxd8+ Qxd8 1/2-1/2

[Event "Madrid ch Veteranos  2019-2020"]
[Site "Maddrid ESP"]
[Date "2020.01.17"]
[Round "5.4"]
[White "Nuñez Muñoz, Jesus"]
[Black "Marin Aso, Jose Luis"]
[Result "1-0"]
[WhiteElo "2162"]
[BlackElo "1907"]
[PlyCount "81"]
[EventDate "2020.01.13"]
[EventType "swiss"]
[EventRounds "9"]
[EventCountry "ESP"]
[SourceTitle "Ajedrez en Madrid"]
[Source "lmi"]
[SourceDate "2020.01.13"]
[SourceVersion "1"]
[SourceVersionDate "2020.01.27"]
[SourceQuality "1"]

1. e4 c5 2. Nf3 Nc6 3. d4 cxd4 4. Nxd4 e5 5. Nb5 d6 6. c4 Nf6 7. N1c3 a6 8. Na3
Be7 9. Be2 Nd4 10. Nc2 Nxe2 11. Qxe2 Be6 12. Bd2 Rc8 13. b3 O-O 14. Rc1 b5 15.
cxb5 axb5 16. Qxb5 Rc5 17. Qe2 Qc8 18. Nb4 d5 19. Nd3 Rc7 20. Nxd5 Nxd5 21.
exd5 Rxc1+ 22. Nxc1 Bxd5 23. O-O Qa8 24. f3 e4 25. f4 Bf6 26. Be3 Bb7 27. Rd1
Ba6 28. Qf2 Rd8 29. Rxd8+ Qxd8 30. h3 Qd1+ 31. Kh2 Bc3 32. Qh4 h5 33. Qe7 Be1
34. Qe8+ Kh7 35. Qxe4+ g6 36. f5 h4 37. fxg6+ fxg6 38. Qe7+ Kg8 39. Bf4 Bf2 40.
Qe8+ Kh7 41. Qf7+ 1-0

[Event "Madrid ch Veteranos  2019-2020"]
[Site "Maddrid ESP"]
[Date "2020.01.17"]
[Round "5.5"]
[White "Esteban Amo, Jose M."]
[Black "Pastor Alonso De Prado, Alberto"]
[Result "1-0"]
[WhiteElo "1905"]
[BlackElo "2074"]
[PlyCount "51"]
[EventDate "2020.01.13"]
[EventType "swiss"]
[EventRounds "9"]
[EventCountry "ESP"]
[SourceTitle "Ajedrez en Madrid"]
[Source "lmi"]
[SourceDate "2020.01.13"]
[SourceVersion "1"]
[SourceVersionDate "2020.01.27"]
[SourceQuality "1"]

1. d4 d5 2. Nf3 Nf6 3. e3 e6 4. Bd3 c5 5. b3 Nc6 6. O-O Bd6 7. Bb2 O-O 8. a3 b6
9. Nbd2 Bb7 10. Ne5 Qc7 11. f4 Ne7 12. Qf3 Nf5 13. g4 Nh4 14. Qh3 Ng6 15. Ndf3
Ne4 16. Bxe4 dxe4 17. Ng5 h6 18. Nxg6 Rfe8 19. f5 exf5 20. gxf5 c4 21. bxc4
fxg6 22. fxg6 Bc8 23. Qh5 Qxc4 24. Nf7 Qc7 25. d5 Ba6 26. Qxh6 1-0

[Event "Madrid ch Veteranos  2019-2020"]
[Site "Maddrid ESP"]
[Date "2020.01.17"]
[Round "5.6"]
[White "Marcos Herrero, Francisco"]
[Black "Martin Martin, Luis Vicente"]
[Result "0-1"]
[WhiteElo "1861"]
[BlackElo "1985"]
[PlyCount "82"]
[EventDate "2020.01.13"]
[EventType "swiss"]
[EventRounds "9"]
[EventCountry "ESP"]
[SourceTitle "Ajedrez en Madrid"]
[Source "lmi"]
[SourceDate "2020.01.13"]
[SourceVersion "1"]
[SourceVersionDate "2020.01.27"]
[SourceQuality "1"]

1. c4 e5 2. g3 Nf6 3. Bg2 d5 4. cxd5 Nxd5 5. Nf3 Nc6 6. O-O Nb6 7. d3 Be7 8. a3
O-O 9. Nbd2 f5 10. b4 Bf6 11. Bb2 a6 12. Rc1 Nd4 13. Nb3 Nxf3+ 14. Bxf3 Na4 15.
Ba1 c6 16. Nc5 Nxc5 17. Rxc5 Qd6 18. Bb2 Re8 19. e3 Be6 20. Qa1 Bf7 21. Rd1
Rad8 22. d4 e4 23. Be2 Bd5 24. a4 b6 25. Rcc1 Qxb4 26. Bc3 Qd6 27. Bxa6 Ra8 28.
Bf1 b5 29. a5 Ra7 30. Rb1 Rea8 31. Bb4 Qd7 32. Qc3 Be7 33. Ra1 Bxb4 34. Qxb4
Qd8 35. Ra3 Rxa5 36. Rda1 Rxa3 37. Rxa3 Rxa3 38. Qxa3 Qf8 39. Qb2 b4 40. Be2 b3
41. Kf1 Qa8 0-1

[Event "Madrid ch Veteranos  2019-2020"]
[Site "Maddrid ESP"]
[Date "2020.01.17"]
[Round "5.8"]
[White "Vazquez Gonzalez, Francisco"]
[Black "Garcia Galeote, Lorenzo"]
[Result "1/2-1/2"]
[WhiteElo "1931"]
[BlackElo "1901"]
[PlyCount "41"]
[EventDate "2020.01.13"]
[EventType "swiss"]
[EventRounds "9"]
[EventCountry "ESP"]
[SourceTitle "Ajedrez en Madrid"]
[Source "lmi"]
[SourceDate "2020.01.13"]
[SourceVersion "1"]
[SourceVersionDate "2020.01.27"]
[SourceQuality "1"]

1. e4 b6 2. d4 Bb7 3. Nc3 g6 4. Bd3 Bg7 5. Nge2 d6 6. Be3 Nd7 7. Qd2 h6 8. O-O
e6 9. f4 f5 10. Ng3 Ngf6 11. exf5 exf5 12. Rae1 O-O 13. h3 d5 14. Kh2 Ne4 15.
Ngxe4 dxe4 16. Bc4+ Kh7 17. Qf2 Nf6 18. Rg1 Bd5 19. Be2 h5 20. Kh1 Rh8 21. Qg3
1/2-1/2

[Event "Madrid ch Veteranos  2019-2020"]
[Site "Maddrid ESP"]
[Date "2020.01.17"]
[Round "5.9"]
[White "Alonso Abad, Enrique"]
[Black "Garcia Sanz, Eduardo"]
[Result "1-0"]
[WhiteElo "2002"]
[BlackElo "1815"]
[PlyCount "61"]
[EventDate "2020.01.13"]
[EventType "swiss"]
[EventRounds "9"]
[EventCountry "ESP"]
[SourceTitle "Ajedrez en Madrid"]
[Source "lmi"]
[SourceDate "2020.01.13"]
[SourceVersion "1"]
[SourceVersionDate "2020.01.27"]
[SourceQuality "1"]

1. e4 c5 2. Nc3 e6 3. g3 Nc6 4. Bg2 Nge7 5. d3 d5 6. exd5 Nxd5 7. Nge2 Nxc3 8.
Nxc3 Be7 9. O-O O-O 10. Re1 Qb6 11. Be4 Nd4 12. Na4 Qa6 13. c3 Bd7 14. b3 f5
15. Bg2 Nc6 16. d4 cxd4 17. cxd4 Rad8 18. Bb2 Nb4 19. Bf1 Bb5 20. Bxb5 Qxb5 21.
Rxe6 Bf6 22. Nc5 Nc6 23. a4 Qb4 24. Qe1 Bxd4 25. Qxb4 Nxb4 26. Bxd4 Rxd4 27.
Re7 b6 28. Ne6 Re4 29. Rd1 Nc6 30. Rxg7+ Kh8 31. Rdd7 1-0

[Event "Madrid ch Veteranos  2019-2020"]
[Site "Maddrid ESP"]
[Date "2020.01.17"]
[Round "5.10"]
[White "Martin Rodriguez, Emilio"]
[Black "Cabañas Bravo, Juan Andres"]
[Result "1-0"]
[WhiteElo "2026"]
[BlackElo "1947"]
[PlyCount "73"]
[EventDate "2020.01.13"]
[EventType "swiss"]
[EventRounds "9"]
[EventCountry "ESP"]
[SourceTitle "Ajedrez en Madrid"]
[Source "lmi"]
[SourceDate "2020.01.13"]
[SourceVersion "1"]
[SourceVersionDate "2020.01.27"]
[SourceQuality "1"]

1. d4 Nf6 2. e3 g6 3. f4 Bg7 4. Nf3 d5 5. Bd3 c5 6. O-O Qb6 7. c3 Nc6 8. h3 O-O
9. a4 c4 10. Bc2 Na5 11. Nbd2 Bf5 12. Bxf5 gxf5 13. Ne5 Rfd8 14. Qe2 Rac8 15.
Kh2 Ne4 16. Qh5 Qf6 17. g4 Nxd2 18. Bxd2 e6 19. Be1 fxg4 20. Bh4 Qf5 21. Qxf5
exf5 22. Bxd8 Rxd8 23. hxg4 f6 24. Nf3 fxg4 25. Nh4 Kf7 26. Rae1 Re8 27. Kg3 h5
28. Rh1 Bf8 29. Ng2 Kg6 30. f5+ Kxf5 31. e4+ Rxe4 32. Rxh5+ Kg6 33. Rxe4 Kxh5
34. Rxg4 f5 35. Nf4+ Kh6 36. Rg6+ Kh7 37. Rf6 1-0

[Event "Madrid ch Veteranos  2019-2020"]
[Site "Maddrid ESP"]
[Date "2020.01.17"]
[Round "5.11"]
[White "Campos Calvo-Sotelo, Juan"]
[Black "Lorenzo Bailador, Alfredo"]
[Result "0-1"]
[WhiteElo "1850"]
[BlackElo "2019"]
[PlyCount "82"]
[EventDate "2020.01.13"]
[EventType "swiss"]
[EventRounds "9"]
[EventCountry "ESP"]
[SourceTitle "Ajedrez en Madrid"]
[Source "lmi"]
[SourceDate "2020.01.13"]
[SourceVersion "1"]
[SourceVersionDate "2020.01.27"]
[SourceQuality "1"]

1. b4 d5 2. e3 Bf5 3. Bb2 e6 4. f4 Nf6 5. a3 Bd6 6. Nf3 O-O 7. Be2 Nbd7 8. O-O
c5 9. bxc5 Bxc5 10. Nc3 Ne4 11. Nxe4 Bxe4 12. Kh1 Bg6 13. Bd3 Rc8 14. Qe1 Nb6
15. Ne5 Bd6 16. Nxg6 hxg6 17. Rf3 Nc4 18. Bd4 a6 19. g4 Nxa3 20. Rxa3 Bxa3 21.
g5 Bc5 22. Be5 f6 23. Bc3 f5 24. Rh3 Kf7 25. Rh7 d4 26. Ba1 Qd5+ 27. e4 Qc6 28.
Qh4 Rg8 29. Kg1 b5 30. exf5 exf5 31. Qh3 Qe6 32. Qf1 Rce8 33. Kf2 Rh8 34. Rxh8
Rxh8 35. Kg3 Re8 36. Qf3 Qe1+ 37. Kg2 Qxd2+ 38. Kh1 Re1+ 39. Bf1 Kg8 40. Bb2
Qxc2 41. Qg2 d3 0-1

[Event "Madrid ch Veteranos  2019-2020"]
[Site "Maddrid ESP"]
[Date "2020.01.17"]
[Round "5.12"]
[White "Lozano Sanchez, Jose Antonio"]
[Black "Serrano Baylin, Francisco"]
[Result "1/2-1/2"]
[WhiteElo "1812"]
[BlackElo "1956"]
[PlyCount "50"]
[EventDate "2020.01.13"]
[EventType "swiss"]
[EventRounds "9"]
[EventCountry "ESP"]
[SourceTitle "Ajedrez en Madrid"]
[Source "lmi"]
[SourceDate "2020.01.13"]
[SourceVersion "1"]
[SourceVersionDate "2020.01.27"]
[SourceQuality "1"]

1. e4 e5 2. Nf3 d6 3. Bc4 Be7 4. Nc3 Nf6 5. d3 O-O 6. h3 c6 7. O-O Nbd7 8. a4
Nc5 9. Be3 d5 10. Bxc5 Bxc5 11. exd5 cxd5 12. Bb3 d4 13. Ne4 Nxe4 14. dxe4 Qe7
15. Qd2 Kh8 16. c3 f6 17. cxd4 exd4 18. Qd3 Be6 19. Bxe6 Qxe6 20. Rac1 Bb6 21.
Rc4 Rad8 22. Rd1 Rfe8 23. Re1 h6 24. b3 Qd6 25. Rd1 Qe6 1/2-1/2

[Event "Madrid ch Veteranos  2019-2020"]
[Site "Maddrid ESP"]
[Date "2020.01.17"]
[Round "5.13"]
[White "Tereso Martin, Antonio"]
[Black "Sotoca Aguado, Jose"]
[Result "1/2-1/2"]
[WhiteElo "1954"]
[BlackElo "1905"]
[PlyCount "87"]
[EventDate "2020.01.13"]
[EventType "swiss"]
[EventRounds "9"]
[EventCountry "ESP"]
[SourceTitle "Ajedrez en Madrid"]
[Source "lmi"]
[SourceDate "2020.01.13"]
[SourceVersion "1"]
[SourceVersionDate "2020.01.27"]
[SourceQuality "1"]

1. b3 d5 2. Bb2 c5 3. e3 Nc6 4. Bb5 a6 5. Bxc6+ bxc6 6. d3 Qc7 7. Nf3 Bg4 8.
Nbd2 Nf6 9. h3 Bh5 10. g4 Bg6 11. Ne5 Nd7 12. f4 Nxe5 13. Bxe5 Qd7 14. f5 f6
15. fxg6 fxe5 16. Qf3 e6 17. O-O hxg6 18. Rf2 O-O-O 19. Raf1 Be7 20. Qg2 Rdf8
21. Rxf8+ Rxf8 22. Rxf8+ Bxf8 23. Qf3 Bd6 24. Kg2 Qe7 25. e4 Qg5 26. Nf1 Qf4
27. Ne3 Kd7 28. c4 d4 29. Qxf4 exf4 30. Nc2 e5 31. g5 Be7 32. h4 Ke6 33. Kf3 a5
34. Ke2 Kd6 35. Ne1 Kc7 36. Nf3 Bd6 37. Kd1 Kb6 38. a4 Kc7 39. Ke2 Kd7 40. Kf1
Ke6 41. Kg2 Bc7 42. Kh3 Bd6 43. Kg4 Kf7 44. Kh3 1/2-1/2

[Event "Madrid ch Veteranos  2019-2020"]
[Site "Maddrid ESP"]
[Date "2020.01.17"]
[Round "5.14"]
[White "De Paz Nistal, Santiago"]
[Black "Ortiz Landeira, Jose Antonio"]
[Result "1/2-1/2"]
[WhiteElo "1920"]
[BlackElo "1760"]
[PlyCount "36"]
[EventDate "2020.01.13"]
[EventType "swiss"]
[EventRounds "9"]
[EventCountry "ESP"]
[SourceTitle "Ajedrez en Madrid"]
[Source "lmi"]
[SourceDate "2020.01.13"]
[SourceVersion "1"]
[SourceVersionDate "2020.01.27"]
[SourceQuality "1"]

1. e4 c5 2. Nc3 Nc6 3. g3 g6 4. Bg2 Bg7 5. d3 d6 6. Nge2 Bg4 7. h3 Bxe2 8. Nxe2
e6 9. c3 Nge7 10. O-O d5 11. Nf4 dxe4 12. dxe4 Qxd1 13. Rxd1 Rd8 14. Be3 b6 15.
Ne2 O-O 16. f4 Rxd1+ 17. Rxd1 Rd8 18. Rd2 Rxd2 1/2-1/2

[Event "Madrid ch Veteranos  2019-2020"]
[Site "Maddrid ESP"]
[Date "2020.01.17"]
[Round "5.15"]
[White "Viñas Lopez, Carlos"]
[Black "Cruz Gonzalez, Antonio"]
[Result "1-0"]
[WhiteElo "1860"]
[BlackElo "1737"]
[PlyCount "49"]
[EventDate "2020.01.13"]
[EventType "swiss"]
[EventRounds "9"]
[EventCountry "ESP"]
[SourceTitle "Ajedrez en Madrid"]
[Source "lmi"]
[SourceDate "2020.01.13"]
[SourceVersion "1"]
[SourceVersionDate "2020.01.27"]
[SourceQuality "1"]

1. d4 g6 2. c4 Bg7 3. Nc3 d6 4. e4 e5 5. Nge2 exd4 6. Nxd4 Ne7 7. Be3 Nbc6 8.
Be2 O-O 9. Qd2 Re8 10. Rd1 f5 11. exf5 Nxf5 12. Nxf5 Bxf5 13. O-O Be6 14. b3
Ne7 15. Bf3 c6 16. Ne4 d5 17. Ng5 Nf5 18. Nxe6 Rxe6 19. Bg5 Bf6 20. Bxf6 Rxf6
21. cxd5 Rd6 22. Qe2 cxd5 23. Bxd5+ Rxd5 24. Qe6+ Kg7 25. Rxd5 1-0

[Event "Madrid ch Veteranos  2019-2020"]
[Site "Maddrid ESP"]
[Date "2020.01.17"]
[Round "5.16"]
[White "Corredor Gonzalez, Angel L."]
[Black "Barahona Torrijos, Angel"]
[Result "1/2-1/2"]
[WhiteElo "1733"]
[BlackElo "1857"]
[PlyCount "84"]
[EventDate "2020.01.13"]
[EventType "swiss"]
[EventRounds "9"]
[EventCountry "ESP"]
[SourceTitle "Ajedrez en Madrid"]
[Source "lmi"]
[SourceDate "2020.01.13"]
[SourceVersion "1"]
[SourceVersionDate "2020.01.27"]
[SourceQuality "1"]

1. e4 e5 2. Nf3 Nc6 3. Bc4 Nf6 4. d4 exd4 5. O-O Bc5 6. e5 d5 7. exf6 dxc4 8.
Re1+ Be6 9. Ng5 Qd5 10. Nc3 Qf5 11. Nce4 O-O-O 12. g4 Qxg4+ 13. Qxg4 Bxg4 14.
Nxf7 gxf6 15. Nxh8 Bb4 16. c3 Ne5 17. Bf4 Nf3+ 18. Kg2 Be7 19. Nf7 Rg8 20. Nh6
Nh4+ 21. Kg3 Nf5+ 22. Nxf5 Bxf5+ 23. Kf3 Bg4+ 24. Kg2 Be2+ 25. Ng3 d3 26. Be3
Bg4 27. f3 Bd7 28. Bxa7 Bd6 29. Bd4 f5 30. Kf2 c5 31. Be5 Kc7 32. Bxd6+ Kxd6
33. Rg1 Rf8 34. Rae1 b5 35. Nf1 b4 36. Nd2 Bb5 37. Rg7 Ra8 38. Rge7 bxc3 39.
R1e6+ Kd5 40. bxc3 Rxa2 41. Re5+ Kd6 42. R5e6+ Kd5 1/2-1/2

[Event "Madrid ch Veteranos  2019-2020"]
[Site "Maddrid ESP"]
[Date "2020.01.17"]
[Round "5.17"]
[White "Pashov, Spas Nikolov"]
[Black "Lopez Orellana, Federico"]
[Result "1/2-1/2"]
[WhiteElo "1847"]
[BlackElo "1714"]
[PlyCount "98"]
[EventDate "2020.01.13"]
[EventType "swiss"]
[EventRounds "9"]
[EventCountry "ESP"]
[SourceTitle "Ajedrez en Madrid"]
[Source "lmi"]
[SourceDate "2020.01.13"]
[SourceVersion "1"]
[SourceVersionDate "2020.01.27"]
[SourceQuality "1"]

1. e4 c6 2. d4 d5 3. exd5 cxd5 4. c4 dxc4 5. Bxc4 Qc7 6. Qb3 e6 7. Nf3 Nc6 8.
O-O Nf6 9. Nc3 Be7 10. Nb5 Qb8 11. g3 Nh5 12. d5 exd5 13. Bxd5 O-O 14. Bg5 Bxg5
15. Nxg5 Nd8 16. Rac1 h6 17. Nxf7 Nxf7 18. Rc7 Nf6 19. Rxf7 Rxf7 20. Bxf7+ Kh8
21. Re1 Bh3 22. Be6 Bxe6 23. Qxe6 Qf8 24. Qe7 Kg8 25. a3 a6 26. Nd6 Qxe7 27.
Rxe7 b5 28. Nf5 Ne8 29. Kg2 Kf8 30. Rd7 Rc8 31. Nd6 Nxd6 32. Rxd6 Rc5 33. Rxa6
b4 34. a4 Rc2 35. Rb6 Rxb2 36. a5 Ra2 37. Rxb4 Rxa5 38. Rb7 Ra2 39. h4 Rc2 40.
Kf3 h5 41. Ke3 g6 42. f3 Ra2 43. Kf4 Ra5 44. Rd7 Rf5+ 45. Ke4 Ra5 46. Rd5 Ra4+
47. Ke5 Ra3 48. Kf4 Kf7 49. Rb5 Rc3 1/2-1/2

[Event "Madrid ch Veteranos  2019-2020"]
[Site "Maddrid ESP"]
[Date "2020.01.17"]
[Round "5.18"]
[White "Hernandez Recio, Roberto"]
[Black "Bellagamba, Pascal"]
[Result "1-0"]
[WhiteElo "1846"]
[BlackElo "1635"]
[PlyCount "81"]
[EventDate "2020.01.13"]
[EventType "swiss"]
[EventRounds "9"]
[EventCountry "ESP"]
[SourceTitle "Ajedrez en Madrid"]
[Source "lmi"]
[SourceDate "2020.01.13"]
[SourceVersion "1"]
[SourceVersionDate "2020.01.27"]
[SourceQuality "1"]

1. d4 Nf6 2. c4 g6 3. Nc3 Bg7 4. e4 d6 5. h3 O-O 6. Nf3 c6 7. Be2 Nbd7 8. O-O
e5 9. Bg5 Qc7 10. Qd2 a6 11. Rac1 Re8 12. dxe5 dxe5 13. Be3 Nf8 14. Rfd1 N6d7
15. c5 Ne6 16. b4 Nf4 17. Bc4 Bf6 18. a4 Rd8 19. Qa2 Rf8 20. g3 Nh5 21. Ng5
Bxg5 22. Bxg5 Ndf6 23. g4 h6 24. Bxh6 Ng7 25. Rd6 Kh7 26. Bg5 Nfe8 27. Bd8 Qb8
28. Be7 Rh8 29. Rd8 Qc7 30. Bh4 Ne6 31. Rd3 Kg7 32. Bg3 Kf6 33. Qb2 Rxh3 34.
Bxe5+ Qxe5 35. Rxh3 Nf4 36. Rf3 Bxg4 37. Rxf4+ Kg5 38. Rxf7 Nf6 39. Qd2+ Kh5
40. f4 Nxe4 41. Qh2+ 1-0

[Event "Madrid ch Veteranos  2019-2020"]
[Site "Maddrid ESP"]
[Date "2020.01.17"]
[Round "5.19"]
[White "Calderon Martin, Antonio"]
[Black "Gonzalez-Ruano Perez, Cesar"]
[Result "0-1"]
[WhiteElo "1614"]
[BlackElo "1837"]
[PlyCount "76"]
[EventDate "2020.01.13"]
[EventType "swiss"]
[EventRounds "9"]
[EventCountry "ESP"]
[SourceTitle "Ajedrez en Madrid"]
[Source "lmi"]
[SourceDate "2020.01.13"]
[SourceVersion "1"]
[SourceVersionDate "2020.01.27"]
[SourceQuality "1"]

1. e4 d6 2. d4 Nf6 3. Nc3 Nbd7 4. Nf3 c6 5. Bc4 e6 6. Bb3 Be7 7. O-O Qc7 8. Bg5
h6 9. Bh4 e5 10. dxe5 dxe5 11. Qe2 O-O 12. a3 a5 13. Rfd1 b5 14. h3 Ba6 15. Qe1
Nc5 16. Ba2 b4 17. Bxf6 Bxf6 18. Nb1 Rab8 19. Qe3 Be7 20. axb4 Rxb4 21. Nbd2
Nd7 22. Bb3 Bc5 23. Qe1 Ra8 24. Nf1 Nf6 25. N1h2 Nxe4 26. Ng4 h5 27. Ne3 Rxb3
28. cxb3 Bb4 29. Nd2 Rd8 30. Nec4 Nxd2 31. Nxd2 f5 32. g3 c5 33. Qe3 Rd3 34.
Qg5 Qd7 35. Qg6 Bb7 36. Qxh5 Bxd2 37. Rac1 Qc6 38. Kf1 Re3 0-1

[Event "Madrid ch Veteranos  2019-2020"]
[Site "Maddrid ESP"]
[Date "2020.01.17"]
[Round "5.20"]
[White "Prieto Gonzalez, Cesar"]
[Black "Sanchez Peral, Pedro"]
[Result "0-1"]
[WhiteElo "1480"]
[BlackElo "1818"]
[PlyCount "66"]
[EventDate "2020.01.13"]
[EventType "swiss"]
[EventRounds "9"]
[EventCountry "ESP"]
[SourceTitle "Ajedrez en Madrid"]
[Source "lmi"]
[SourceDate "2020.01.13"]
[SourceVersion "1"]
[SourceVersionDate "2020.01.27"]
[SourceQuality "1"]

1. e4 c5 2. Nf3 e6 3. d3 Nc6 4. g3 g6 5. Bg2 Bg7 6. Nbd2 Nge7 7. O-O O-O 8. Re1
d5 9. c3 b5 10. Qc2 Bb7 11. b3 Rc8 12. Bb2 a5 13. a3 Qb6 14. Rab1 Rfd8 15. c4
dxc4 16. Bxg7 Kxg7 17. Qb2+ c3 18. Qxc3+ Kg8 19. Qc2 Nd4 20. Nxd4 cxd4 21. Qd1
Rc3 22. Nf3 Rdc8 23. Bf1 f6 24. Re2 e5 25. Rbb2 b4 26. a4 Rc1 27. Qd2 Kg7 28.
Ne1 R1c3 29. f4 exf4 30. Qxf4 Qc7 31. Qxc7 R8xc7 32. Nc2 Rxd3 33. Rf2 Rd1 0-1